|
|
|
|
| LEADER |
01167nam a2200361 4500 |
| 001 |
000004539 |
| 003 |
678 |
| 005 |
20110721160736.0 |
| 008 |
110721s1978 viesd |
| 020 |
|
|
|c 18000
|
| 041 |
1 |
|
|a vie
|
| 082 |
|
|
|a 841
|b BIK
|
| 100 |
1 |
|
|d 1380-1442
|d 1380-1442
|
| 245 |
0 |
0 |
|a Bi kịch cổ điển Pháp
|c Hoàng Hữu Đản, Vũ Đình Liên, Huỳnh Lý dịch
|
| 260 |
|
|
|a H.
|b Văn hóa
|c 1978
|
| 300 |
|
|
|a 582 tr.
|c 19 cm.
|
| 500 |
|
|
|a Dịch từ nguyên bản tiếng Pháp
|
| 653 |
|
|
|a Văn học Pháp
|
| 653 |
|
|
|a Bi kịch Pháp
|
| 700 |
1 |
|
|a Hoàng Hữu Đản
|e dịch
|
| 700 |
1 |
|
|a Vũ Đình Liên
|e dịch
|
| 700 |
1 |
|
|a Huỳnh Lý
|e dịch
|
| 910 |
|
|
|a Thi
|d 20/7/2011
|
| OWN |
|
|
|a LSP
|
| AVA |
|
|
|a UDN50
|b LSP
|d 841 BIK
|e available
|t Error 5001 Not defined in file expand_doc_bib_avail.
|f 3
|g 1
|h N
|i 0
|k 1
|
| 999 |
|
|
|a From the UDN01
|
| AVA |
|
|
|a UDN50
|b LSP
|d 841 BIK
|e available
|t Error 5001 Not defined in file expand_doc_bib_avail.
|f 3
|g 1
|h N
|i 0
|k 1
|
| TYP |
|
|
|a Monograph
|
| TYP |
|
|
|a Printed language
|
| 980 |
|
|
|a Mạng thư viện Đại học Đà Nẵng
|